Клірик Острозький: український письменник-полеміст кінця XVI ст. (Запис № 408671)
[ простий вигляд ]
| 000 -LEADER | |
|---|---|
| fixed length control field | 00891caa a22002417a 4500 |
| 001 - CONTROL NUMBER | |
| control field | 122375 |
| 003 - CONTROL NUMBER IDENTIFIER | |
| control field | UA-OsUOA |
| 005 - DATE AND TIME OF LATEST TRANSACTION | |
| control field | 20200221165328.0 |
| 007 - PHYSICAL DESCRIPTION FIXED FIELD--GENERAL INFORMATION | |
| fixed length control field | ta |
| 008 - FIXED-LENGTH DATA ELEMENTS--GENERAL INFORMATION | |
| fixed length control field | 20170425b un ||||| |||| 00| 0 ukr d |
| 040 ## - CATALOGING SOURCE | |
| Original cataloging agency | UA-OsUOA |
| Language of cataloging | ukr |
| Transcribing agency | UA-OsUOA |
| Modifying agency | UA-OsUOA |
| 041 ## - LANGUAGE CODE | |
| Language code of text/sound track or separate title | ukr |
| 080 ## - UNIVERSAL DECIMAL CLASSIFICATION NUMBER | |
| Universal Decimal Classification number | 908 |
| 090 ## - LOCALLY ASSIGNED LC-TYPE CALL NUMBER (OCLC); LOCAL CALL NUMBER (OCLC) | |
| Classification number (OCLC) (R) ; Classification number, CALL (RLIN) (NR) | 908 |
| Local cutter number (OCLC) ; Book number/undivided call number, CALL (RLIN) | К49 |
| 100 ## - MAIN ENTRY--PERSONAL NAME | |
| Personal name | Огородник І. |
| 245 ## - TITLE STATEMENT | |
| Title | Клірик Острозький: український письменник-полеміст кінця XVI ст. |
| Statement of responsibility, etc | І. Огородник |
| 300 ## - PHYSICAL DESCRIPTION | |
| Extent | С. 120–123 |
| 650 #7 - SUBJECT ADDED ENTRY--TOPICAL TERM | |
| Topical term or geographic name as entry element | 908 Краєзнавство |
| Source of heading or term | UDC |
| 773 0# - HOST ITEM ENTRY | |
| Host Biblionumber | 308332 |
| Host Itemnumber | 304788 |
| Main entry heading | Огородник І.В. |
| Place, publisher, and date of publication | Київ Либідь 1997 |
| Other item identifier | 62460 |
| Title | Українська філософія в іменах |
| Record control number | (UA-OsUOA) 22118 |
| International Standard Book Number | 5-325-00792-0 |
| 942 ## - ADDED ENTRY ELEMENTS (KOHA) | |
| Koha item type | Складова частина документа |
| Source of classification or shelving scheme | Universal Decimal Classification |
| 955 ## - COPY-LEVEL INFORMATION (RLIN) | |
| Classification number, CCAL (RLIN) | Навчальні видання |
Немає доступних примірників.